<?xml version="1.0" encoding="UTF-8"?>
<record
    xmlns:xsi="http://www.w3.org/2001/XMLSchema-instance"
    xsi:schemaLocation="http://www.loc.gov/MARC21/slim http://www.loc.gov/standards/marcxml/schema/MARC21slim.xsd"
    xmlns="http://www.loc.gov/MARC21/slim">

  <leader>00448nam a22001697a 4500</leader>
  <datafield tag="952" ind1=" " ind2=" ">
    <subfield code="0">0</subfield>
    <subfield code="1">0</subfield>
    <subfield code="2">ddc</subfield>
    <subfield code="4">0</subfield>
    <subfield code="7">0</subfield>
    <subfield code="8">NFIC</subfield>
    <subfield code="a">ASL</subfield>
    <subfield code="b">ASL</subfield>
    <subfield code="c">GEN</subfield>
    <subfield code="d">2021-04-05</subfield>
    <subfield code="e">ASB Library Collections </subfield>
    <subfield code="l">0</subfield>
    <subfield code="o">922.9163 HEL</subfield>
    <subfield code="p">108322</subfield>
    <subfield code="r">2021-04-05 00:00:00</subfield>
    <subfield code="t">C-1</subfield>
    <subfield code="w">2021-04-05</subfield>
    <subfield code="y">BK</subfield>
    <subfield code="z">Rare</subfield>
  </datafield>
  <datafield tag="999" ind1=" " ind2=" ">
    <subfield code="c">23792</subfield>
    <subfield code="d">23792</subfield>
  </datafield>
  <controlfield tag="003">BDDh-ASL</controlfield>
  <controlfield tag="005">20231015030304.0</controlfield>
  <controlfield tag="008">210405s1958    enk||||| |||| 00| 0 eng d</controlfield>
  <datafield tag="040" ind1=" " ind2=" ">
    <subfield code="a">BDDh-ASL</subfield>
    <subfield code="c">BDDh-ASL</subfield>
  </datafield>
  <datafield tag="082" ind1=" " ind2=" ">
    <subfield code="a">922.9163</subfield>
    <subfield code="b">HEL</subfield>
  </datafield>
  <datafield tag="100" ind1="1" ind2=" ">
    <subfield code="9">3624</subfield>
    <subfield code="a">Henshaw, T. </subfield>
  </datafield>
  <datafield tag="245" ind1="1" ind2="4">
    <subfield code="a">The Latter Prophets / </subfield>
  </datafield>
  <datafield tag="260" ind1=" " ind2=" ">
    <subfield code="a">London:</subfield>
    <subfield code="b">George Allen &amp; Unwin Ltd., </subfield>
    <subfield code="c">1958. </subfield>
  </datafield>
  <datafield tag="300" ind1=" " ind2=" ">
    <subfield code="a">341 p. :</subfield>
    <subfield code="c">22 cm. </subfield>
  </datafield>
  <datafield tag="650" ind1=" " ind2="0">
    <subfield code="9">1339</subfield>
    <subfield code="a">Biography</subfield>
  </datafield>
  <datafield tag="942" ind1=" " ind2=" ">
    <subfield code="2">ddc</subfield>
    <subfield code="c">BK</subfield>
  </datafield>
</record>
